The stamps and postal history of nineteenth century Samoa (Record no. 1134)

000 -LEADER
fixed length control field 00334nam a22001217a 4500
003 - CONTROL NUMBER IDENTIFIER
control field OSt
008 - FIXED-LENGTH DATA ELEMENTS--GENERAL INFORMATION
fixed length control field 150406b xxu||||| |||| 00| 0 eng d
041 ## - LANGUAGE CODE
Language code of text/sound track or separate title eng
100 1# - MAIN ENTRY--PERSONAL NAME
Personal name Robert P. Odenweller
245 10 - TITLE STATEMENT
Title The stamps and postal history of nineteenth century Samoa
260 ## - PUBLICATION, DISTRIBUTION, ETC. (IMPRINT)
Place of publication, distribution, etc. London
Name of publisher, distributor, etc. Royal Philatelic Society London;
300 ## - PHYSICAL DESCRIPTION
Extent 0 pages
Holdings
Withdrawn status Lost status Source of classification or shelving scheme Damaged status Not for loan Collection code Permanent Location Current Location Shelving location Date acquired Total Checkouts Full call number Barcode Date last seen Price effective from Koha item type
          Richard Drews Northern Philatelic Library Northern Philatelic Library Closed Stacks 04/06/2015   G9555 .O23p 2004 1001397 06/28/2015 06/28/2015 Books

Powered by Koha